Представление документа в формате RUSMARC

ПолеНазваниеЗначение
  Тип записи a
  Библиографический уровень m
001 Контрольный номер RU/CBS_UL/BASE/e47f797df5ea4f3494b7fbbee571de0b
005 Дата корректировки 20260420152825.2
010 Индекс ISBN __
a ISBN 978-5-9614-8288-1
d Цена 317р. 90 к.
9 Тираж 25 000 экз.
b Уточнения в пер.
100 Данные общей обработки __
a Данные общей обработки 20221213d 0rusy0189## ca
101 Язык документа 0_
a Язык текста rus
102 Страна публикации __
a Страна публикации RU
200 Заглавие и сведения об ответственности 1_
a Заглавие Ясно, понятно
e Сведения, относящиеся к заглавию как доносить мысли и убеждать людей с помощью слов
e Сведения, относящиеся к заглавию [следующий уровень понимания текста]
f Первые сведения об ответственности М. О. Ильяхов
g Последующие сведения об ответственности [ил. Д. Берковский]
210 Выходные данные 1_
a Место издания Москва
c Издательство Альпина Паблишер
d Дата издания 2023
215 Физическое описание __
a Объем 447 с.
c Иллюстрации/тип воспроизводства ил.
d Формат 21,5 см.
300 Общие примечания __
a Общие примечания 12+
300 Общие примечания __
a Общие примечания Продолжение бестселлера "Пиши, сокращай"
606 Тематические рубрики 0_
a Основная рубрика Социальная психология - Общение - Речевое влияние
610 Ключевые слова 0_
a Ключевые слова психология социальная
610 Ключевые слова 0_
a Ключевые слова тексты рекламные
610 Ключевые слова 0_
a Ключевые слова контекст
610 Ключевые слова 0_
a Ключевые слова коммуникации
610 Ключевые слова 0_
a Ключевые слова восприятие информации
610 Ключевые слова 0_
a Ключевые слова убеждение (психол.)
610 Ключевые слова 0_
a Ключевые слова улучшение текста
610 Ключевые слова 0_
a Ключевые слова копирайтинг
610 Ключевые слова 0_
a Ключевые слова привлечение клиентов
610 Ключевые слова 0_
a Ключевые слова убеждение словом
686 Индексы других классификаций __
a Классификационный индекс 88.53
700 Автор _1
a Фамилия Ильяхов
b Имя (инициалы) М.
g Полное личное имя Максим
801 Источник записи _0
a Страна RU
b Организация МБУК ЦБС г. Ульяновска
c Дата составления 20221213
g Правила каталогизации RCR
801 Источник записи _1
a Страна RU
b Организация МБУК ЦБС г. Ульяновска
c Дата составления 20221213
g Правила каталогизации RCR
852 Данные о местонахождении __
i Авторский знак И 49
j Шифр хранения 88.5
900 Электронные ресурсы __
a Имя электронного ресурса м. ильяхов ясно
901 Тип документа __
t Тип документа m